[Event "Bucaramanga op"]
[Site "Bucaramanga"]
[Date "2023.09.06"]
[Round "1"]
[White "Torres Cueto, Jesus Marcial"]
[Black "Moreno Gonzalez, Maria Camila"]
[Result "1-0"]
[WhiteElo "2165"]
[BlackElo "1821"]
[PlyCount "51"]
[EventDate "2023.09.06"]
[EventType "swiss"]
[EventRounds "9"]
[EventCountry "COL"]
[SourceTitle "EXT 2024"]
[Source "ChessBase"]
[SourceDate "2023.10.10"]
[SourceVersion "1"]
[SourceVersionDate "2023.10.10"]
[SourceQuality "1"]

1. d4 d5 2. c4 e6 3. Nc3 Nf6 4. Bg5 c6 5. cxd5 exd5 6. e3 Bd6 7. Bd3 0-0 8. Nf3 Re8 9. 0-0 a5 10. Qc2 h6 11. Bh4 Na6 12. a3 Nc7 13. Rae1 Bd7 14. Nd2 Bxh2+ 15. Kxh2 Ng4+ 16. Kg3 g5 17. Bf5 gxh4+ 18. Kh3 Qg5 19. Bxd7 Nxf2+ 20. Kh2 Qg3+ 21. Kg1 h3 22. Rxf2 h2+ 23. Kh1 Qxf2 24. Rf1 Qxe3 25. Bxe8 Rxe8 26. Nf3 1-0

[Event "Badalona op 47th"]
[Site "Badalona"]
[Date "2023.08.03"]
[Round "2"]
[White "Almeida Quintana, Omar"]
[Black "Torres Cueto, Jesus Marcial"]
[Result "1-0"]
[WhiteElo "2512"]
[BlackElo "2116"]
[PlyCount "47"]
[EventDate "2023.08.02"]
[EventType "swiss"]
[EventRounds "9"]
[EventCountry "ESP"]
[SourceTitle "CBM 215 Extra"]
[Source "ChessBase"]
[SourceDate "2023.09.30"]
[SourceVersion "1"]
[SourceVersionDate "2023.09.30"]
[SourceQuality "1"]

1. d4 d5 2. Nf3 Nf6 3. c4 dxc4 4. e3 e6 5. Bxc4 a6 6. 0-0 c5 7. b3 Be7 8. Bb2 0-0 9. Be2 Nbd7 10. Nbd2 b6 11. Ne5 Bb7 12. Bf3 Qc7 13. Rc1 Nxe5 14. dxe5 Nd7 15. Bxb7 Qxb7 16. Qg4 Qd5 17. Nc4 Rfd8 18. Rfd1 Qc6 19. h4 Nf8 20. h5 h6 21. Rd6 Bxd6 22. exd6 g6 23. Qf4 e5 24. Qxe5 1-0

[Event "COL-ch"]
[Site "Cartagena"]
[Date "2023.06.12"]
[Round "9"]
[White "Bolanos Lopez, Juan Jacobo"]
[Black "Torres Cueto, Jesus Marcial"]
[Result "1/2-1/2"]
[WhiteElo "1875"]
[BlackElo "2108"]
[PlyCount "81"]
[EventDate "2023.06.08"]
[EventType "swiss"]
[EventRounds "9"]
[EventCountry "COL"]
[SourceTitle "CBM 215 Extra"]
[Source "ChessBase"]
[SourceDate "2023.09.30"]
[SourceVersion "1"]
[SourceVersionDate "2023.09.30"]
[SourceQuality "1"]

1. e4 e6 2. d4 d5 3. Bd3 dxe4 4. Bxe4 Nf6 5. Bf3 Be7 6. Ne2 0-0 7. 0-0 c5 8. Nbc3 cxd4 9. Qxd4 a6 10. Bf4 Qxd4 11. Nxd4 Nbd7 12. Rfe1 Re8 13. Bc7 Bd8 14. Bxd8 Rxd8 15. Rad1 Rb8 16. a4 g5 17. a5 g4 18. Be2 Nf8 19. Na4 Bd7 20. Nb6 Be8 21. c4 Ng6 22. b4 Nf4 23. Bf1 Nd7 24. Re4 Ng6 25. Nb3 Nxb6 26. Rxd8 Rxd8 27. axb6 Rd1 28. Na5 Rb1 29. Rd4 Rxb4 30. Rd8 Kf8 31. c5 Rb1 32. c6 Ke7 33. c7 Bb5 34. h4 g3 35. fxg3 Ne5 36. Kh2 Ng4+ 37. Kh3 Nf2+ 38. Kh2 Ng4+ 39. Kh3 Nf2+ 40. Kh2 Ng4+ 41. Kh3 1/2-1/2

[Event "COL-ch"]
[Site "Cartagena"]
[Date "2023.06.11"]
[Round "7"]
[White "Torres Cueto, Jesus Marcial"]
[Black "Garces Trujillo, Luis Javier"]
[Result "1-0"]
[WhiteElo "2108"]
[BlackElo "1796"]
[PlyCount "59"]
[EventDate "2023.06.08"]
[EventType "swiss"]
[EventRounds "9"]
[EventCountry "COL"]
[SourceTitle "CBM 215 Extra"]
[Source "ChessBase"]
[SourceDate "2023.09.30"]
[SourceVersion "1"]
[SourceVersionDate "2023.09.30"]
[SourceQuality "1"]

1. d4 Nf6 2. c4 g6 3. Nc3 d5 4. h4 h5 5. Bg5 Be6 6. Bxf6 exf6 7. Qb3 dxc4 8. Qxb7 Nd7 9. d5 Nc5 10. Qb5+ Bd7 11. Qxc4 Rb8 12. Qd4 Qe7 13. 0-0-0 Rb4 14. Qd2 Na4 15. Nxa4 Bxa4 16. b3 Bxb3 17. axb3 Rxb3 18. d6 Qe4 19. Qc2 Bh6+ 20. e3 Bxe3+ 21. fxe3 Qxe3+ 22. Rd2 Rc3 23. Bb5+ Kf8 24. d7 Rxc2+ 25. Kxc2 Qc5+ 26. Kd1 Qxb5 27. d8Q+ Kg7 28. Qd3 Qa4+ 29. Ke1 Re8+ 30. Kf1 1-0

[Event "Titled Tuesday intern op 13th Dec Early"]
[Site "Chess.com INT"]
[Date "2022.12.13"]
[Round "10"]
[White "Levine, David M"]
[Black "Torres Cueto, Jesus Marcial"]
[Result "0-1"]
[WhiteElo "2068"]
[BlackElo "2088"]
[PlyCount "100"]
[EventDate "2022.12.13"]
[EventType "swiss (blitz)"]
[EventRounds "11"]
[EventCountry "USA"]
[SourceTitle "EXT 2024"]
[Source "ChessBase"]
[SourceDate "2023.10.10"]
[SourceVersion "1"]
[SourceVersionDate "2023.10.10"]
[SourceQuality "1"]

1. d4 Nf6 2. c4 e6 3. g3 d5 4. Bg2 Be7 5. Nf3 0-0 6. 0-0 Nbd7 7. Qc2 c6 8. Nbd2 b6 9. e4 dxe4 10. Nxe4 Nxe4 11. Qxe4 Bb7 12. Rd1 Nf6 13. Qc2 Qc7 14. c5 Rfd8 15. Bf4 Qc8 16. Ne5 Nd5 17. Bd2 bxc5 18. dxc5 Bf6 19. Nc4 Qc7 20. Nd6 Ba6 21. Rab1 Rab8 22. b4 Be5 23. Be4 g6 24. Nc4 Bg7 25. a3 h5 26. h4 Bd4 27. Bg5 Qxg3+ 28. Bg2 Bxc4 29. Rxd4 Qe5 30. Rxc4 Nf6 31. Qb2 Rd1+ 32. Bf1 Qxb2 33. Rxb2 Ng4 34. Be7 Re8 35. Bd6 e5 36. Kg2 e4 37. Be2 Re1 38. Bf4 Nf6 39. b5 cxb5 40. Rxb5 Rxe2 41. Be3 Nd5 42. Kf1 Rxe3 43. c6 Rd3 44. c7 Nxc7 45. Rxc7 e3 46. fxe3 Rdxe3 47. Rbb7 Rf3+ 48. Kg2 Rf4 49. Kg3 Rf5 50. Rxa7 Re4 0-1

[Event "Titled Tuesday intern op 13th Dec Early"]
[Site "Chess.com INT"]
[Date "2022.12.13"]
[Round "4"]
[White "Ronka, Erik"]
[Black "Torres Cueto, Jesus Marcial"]
[Result "1-0"]
[WhiteElo "2253"]
[BlackElo "2088"]
[PlyCount "47"]
[EventDate "2022.12.13"]
[EventType "swiss (blitz)"]
[EventRounds "11"]
[EventCountry "USA"]
[SourceTitle "EXT 2024"]
[Source "ChessBase"]
[SourceDate "2023.10.10"]
[SourceVersion "1"]
[SourceVersionDate "2023.10.10"]
[SourceQuality "1"]

1. e4 e6 2. d4 d5 3. Nd2 c5 4. exd5 Qxd5 5. Ngf3 cxd4 6. Bc4 Qd6 7. 0-0 Nc6 8. Nb3 a6 9. Nbxd4 Nxd4 10. Nxd4 Qc7 11. Bd3 Bd6 12. Re1 Ne7 13. Qh5 g6 14. Qh4 Be5 15. Bg5 Nd5 16. c4 Nb4 17. Bxg6 hxg6 18. Qe4 Bxd4 19. Qxd4 Qxh2+ 20. Kf1 Nc6 21. Qf6 Bd7 22. Rad1 Qh1+ 23. Ke2 Qxg2 24. Qxh8# 1-0

[Event "Titled Tuesday intern op 13th Dec Early"]
[Site "Chess.com INT"]
[Date "2022.12.13"]
[Round "5"]
[White "Torres Cueto, Jesus Marcial"]
[Black "Shtompel, Yuriy"]
[Result "1-0"]
[WhiteElo "2088"]
[BlackElo "1938"]
[PlyCount "57"]
[EventDate "2022.12.13"]
[EventType "swiss (blitz)"]
[EventRounds "11"]
[EventCountry "USA"]
[SourceTitle "EXT 2024"]
[Source "ChessBase"]
[SourceDate "2023.10.10"]
[SourceVersion "1"]
[SourceVersionDate "2023.10.10"]
[SourceQuality "1"]

1. d4 Nf6 2. c4 e6 3. Nc3 d5 4. Bg5 Be7 5. e3 0-0 6. cxd5 exd5 7. Bd3 c6 8. Nge2 Re8 9. 0-0 h6 10. Bh4 Ne4 11. Bxe7 Qxe7 12. Bxe4 dxe4 13. d5 Bg4 14. h3 Bh5 15. Qb3 cxd5 16. Nxd5 Qg5 17. Nef4 Nc6 18. Qxb7 Ne5 19. Nxh5 Qxh5 20. Nf4 Qg5 21. Qxe4 Rab8 22. b3 Qf6 23. Rad1 a5 24. Nd5 Qg5 25. Qf4 Qg6 26. e4 a4 27. b4 a3 28. f3 f6 29. b5 1-0

[Event "Titled Tuesday intern op 13th Dec Early"]
[Site "Chess.com INT"]
[Date "2022.12.13"]
[Round "3"]
[White "Torres Cueto, Jesus Marcial"]
[Black "Topalov, Aleksandar"]
[Result "0-1"]
[WhiteElo "2088"]
[BlackElo "2233"]
[PlyCount "82"]
[EventDate "2022.12.13"]
[EventType "swiss (blitz)"]
[EventRounds "11"]
[EventCountry "USA"]
[SourceTitle "EXT 2024"]
[Source "ChessBase"]
[SourceDate "2023.10.10"]
[SourceVersion "1"]
[SourceVersionDate "2023.10.10"]
[SourceQuality "1"]

1. Nf3 Nf6 2. c4 g6 3. g3 Bg7 4. Bg2 0-0 5. 0-0 c5 6. Nc3 Nc6 7. d3 a6 8. e4 Rb8 9. h3 d6 10. Be3 b5 11. Rb1 bxc4 12. dxc4 Ne8 13. Qa4 Bb7 14. Nd5 Nc7 15. Rfd1 Ne6 16. a3 a5 17. Ne1 Ba8 18. f4 Ned4 19. Nf3 e6 20. Nc3 Nxf3+ 21. Bxf3 Nd4 22. Bg2 Bc6 23. Nb5 Nxb5 24. cxb5 Bxb5 25. Qc2 Qc7 26. b4 axb4 27. axb4 c4 28. f5 Be5 29. g4 c3 30. Rbc1 Rbc8 31. Qf2 Qc4 32. Bg5 Qxb4 33. f6 Kh8 34. Bh6 Rfd8 35. Bg7+ Kg8 36. Qh4 c2 37. Re1 Qc3 38. g5 Qg3 39. Qxg3 Bxg3 40. Bf1 Bxe1 41. Bxb5 Bd2 0-1

[Event "Titled Tuesday intern op 13th Dec Early"]
[Site "Chess.com INT"]
[Date "2022.12.13"]
[Round "11"]
[White "Valle, Luis E"]
[Black "Torres Cueto, Jesus Marcial"]
[Result "0-1"]
[WhiteElo "2268"]
[BlackElo "2088"]
[PlyCount "58"]
[EventDate "2022.12.13"]
[EventType "swiss (blitz)"]
[EventRounds "11"]
[EventCountry "USA"]
[SourceTitle "EXT 2024"]
[Source "ChessBase"]
[SourceDate "2023.10.10"]
[SourceVersion "1"]
[SourceVersionDate "2023.10.10"]
[SourceQuality "1"]

1. e4 e6 2. d4 d5 3. Bd3 dxe4 4. Bxe4 Nd7 5. Ne2 Ngf6 6. Bf3 Be7 7. 0-0 0-0 8. g3 Rb8 9. c4 b6 10. Nbc3 Bb7 11. Bxb7 Rxb7 12. Be3 c5 13. d5 exd5 14. cxd5 Bd6 15. Bf4 Bxf4 16. Nxf4 Ne5 17. Re1 Re8 18. b3 a6 19. Kg2 Qd6 20. Qd2 Rbe7 21. Rad1 g5 22. Nh3 h6 23. f4 Neg4 24. Rxe7 Rxe7 25. Re1 Rxe1 26. Qxe1 Nxd5 27. Qe8+ Kg7 28. Ne4 Nde3+ 29. Kf3 Qd1# 0-1

[Event "COL-chT"]
[Site "Santa Marta"]
[Date "2022.11.05"]
[Round "6.2"]
[White "Agudelo Pineres, Oscar Marino"]
[Black "Torres Cueto, Jesus Marcial"]
[Result "0-1"]
[WhiteElo "1953"]
[BlackElo "2073"]
[PlyCount "62"]
[EventDate "2022.11.02"]
[EventType "team-swiss"]
[EventRounds "7"]
[EventCountry "COL"]
[SourceTitle "CBM 211 Extra"]
[Source "ChessBase"]
[SourceDate "2023.01.31"]
[SourceVersion "1"]
[SourceVersionDate "2023.01.31"]
[SourceQuality "1"]
[WhiteTeam "Quindio"]
[BlackTeam "Bolivar"]
[WhiteTeamCountry "COL"]
[BlackTeamCountry "COL"]

1. d4 d5 2. Nf3 Nf6 3. c4 e6 4. Nc3 Be7 5. e3 0-0 6. Bd3 c5 7. 0-0 cxd4 8. exd4 a6 9. b3 b6 10. Bb2 Bb7 11. Re1 Nbd7 12. Ne5 dxc4 13. bxc4 Qc7 14. Re3 Rad8 15. Rh3 g6 16. Qe2 Rfe8 17. Re1 Nxe5 18. dxe5 Qc6 19. f3 Nh5 20. Rxh5 gxh5 21. Ne4 Rd7 22. Bb1 b5 23. Qc2 f5 24. exf6 Bb4 25. f7+ Rxf7 26. Nf6+ Kf8 27. Nxh7+ Ke7 28. Rd1 Rd8 29. Rxd8 Kxd8 30. Qg6 Rd7 31. Bd3 Qc5+ 0-1

[Event "COL-chT Blitz"]
[Site "Santander"]
[Date "2022.10.09"]
[Round "8.4"]
[White "Maya Serrato, Dylan David"]
[Black "Torres Cueto, Jesus Marcial"]
[Result "1-0"]
[WhiteElo "1886"]
[BlackElo "2051"]
[PlyCount "87"]
[EventDate "2022.09.10"]
[EventType "team-swiss (blitz)"]
[EventRounds "9"]
[EventCountry "COL"]
[SourceTitle "EXT 2023"]
[Source "ChessBase"]
[SourceDate "2022.10.05"]
[SourceVersion "1"]
[SourceVersionDate "2022.10.05"]
[SourceQuality "1"]
[WhiteTeam "Narino"]
[BlackTeam "Bolivar"]
[WhiteTeamCountry "COL"]
[BlackTeamCountry "COL"]

1. d4 d5 2. Nf3 Nf6 3. Bf4 c5 4. e3 Nc6 5. c3 g6 6. Nbd2 Bg7 7. Be2 0-0 8. 0-0 Re8 9. h3 Nd7 10. dxc5 e5 11. Bg3 Nxc5 12. Bh4 Qb6 13. Nb3 Be6 14. Nxc5 Qxc5 15. Ng5 Bf5 16. Qb3 h6 17. Nf3 Rab8 18. Bg3 Be6 19. Qb5 Qe7 20. Rfd1 Red8 21. Qa4 Qc7 22. Bb5 f5 23. Bxc6 bxc6 24. Rab1 g5 25. Nd4 Bd7 26. Nb3 f4 27. Bh2 Bf8 28. exf4 exf4 29. Re1 c5 30. Qa5 Re8 31. Qxc7 Bf5 32. Rxe8 Rxe8 33. Rd1 c4 34. Nd4 Bd3 35. Qc6 Re5 36. g3 Kf7 37. gxf4 gxf4 38. Bxf4 Re4 39. Qxd5+ Kg6 40. Rxd3 Re1+ 41. Kg2 cxd3 42. Qc6+ Kg7 43. Be5+ Kg8 44. Qg6+ 1-0

[Event "COL-chT Blitz"]
[Site "Santander"]
[Date "2022.10.09"]
[Round "9.4"]
[White "Torres Cueto, Jesus Marcial"]
[Black "Garcia, Juan Manuel"]
[Result "0-1"]
[WhiteElo "2051"]
[BlackElo "1847"]
[PlyCount "126"]
[EventDate "2022.09.10"]
[EventType "team-swiss (blitz)"]
[EventRounds "9"]
[EventCountry "COL"]
[SourceTitle "EXT 2023"]
[Source "ChessBase"]
[SourceDate "2022.10.05"]
[SourceVersion "1"]
[SourceVersionDate "2022.10.05"]
[SourceQuality "1"]
[WhiteTeam "Bolivar"]
[BlackTeam "Cundinamarca II"]
[WhiteTeamCountry "COL"]
[BlackTeamCountry "COL"]

1. d4 Nf6 2. c4 c5 3. d5 b5 4. cxb5 d6 5. Nc3 a6 6. bxa6 g6 7. a7 Rxa7 8. Nf3 Bg7 9. g3 0-0 10. Bg2 Bg4 11. 0-0 Nbd7 12. Nd2 Nb6 13. h3 Bd7 14. e4 Qa8 15. f4 Nh5 16. g4 Nxf4 17. Rxf4 Na4 18. Qc2 Rb8 19. Kh1 Rab7 20. Nc4 Rb4 21. Bf1 f5 22. a3 Rb3 23. gxf5 Nxc3 24. f6 Bxf6 25. Rxf6 exf6 26. bxc3 Qa4 27. Bf4 Bxh3 28. Nd2 Bxf1 29. Rxf1 Qd7 30. Nxb3 Qh3+ 31. Kg1 Rxb3 32. Qxb3 Qg4+ 33. Kf2 Qxf4+ 34. Ke2 Qxe4+ 35. Kd2 Qg2+ 36. Ke1 Qe4+ 37. Kd2 Qg2+ 38. Ke3 Qxf1 39. Qb8+ Kg7 40. Qc7+ Kh6 41. Qxd6 Qc1+ 42. Kd3 Qxa3 43. Qf4+ Kg7 44. d6 Qa6+ 45. Kd2 Qa2+ 46. Kd3 Qd5+ 47. Kc2 Qa2+ 48. Kc1 Qa3+ 49. Kc2 Qa2+ 50. Kd1 Qd5+ 51. Kc1 g5 52. Qg3 h6 53. Kc2 f5 54. Qh3 Qxd6 55. Kb3 Qe6+ 56. Ka4 Qc4+ 57. Ka5 f4 58. Qd7+ Qf7 59. Qd5 f3 60. Qe5+ Qf6 61. Qc7+ Kg6 62. Qxc5 f2 63. Qxg5+ hxg5 0-1

[Event "COL-ch U26"]
[Site "Cali"]
[Date "2022.09.29"]
[Round "3"]
[White "Tobar Beltran, Jorge Esteban"]
[Black "Torres Cueto, Jesus Marcial"]
[Result "0-1"]
[WhiteElo "1907"]
[BlackElo "2072"]
[PlyCount "64"]
[EventDate "2022.09.28"]
[EventType "swiss"]
[EventRounds "6"]
[EventCountry "COL"]
[SourceTitle "CBM 210 Extra"]
[Source "ChessBase"]
[SourceDate "2022.11.30"]
[SourceVersion "1"]
[SourceVersionDate "2022.11.30"]
[SourceQuality "1"]

1. d4 d5 2. c4 e6 3. e3 Nf6 4. Nc3 Be7 5. Nf3 0-0 6. Qc2 Nbd7 7. cxd5 exd5 8. Bd3 c5 9. b3 b6 10. 0-0 Bb7 11. Bb2 Rc8 12. Bf5 g6 13. Bh3 cxd4 14. Nxd4 Ne4 15. Rac1 Bb4 16. Bxd7 Qxd7 17. Nxe4 dxe4 18. Qe2 Qe7 19. Rfd1 a6 20. Qg4 h5 21. Qf4 Rxc1 22. Rxc1 Bd6 23. Qh6 Be5 24. Rc2 Rc8 25. Bc3 b5 26. b4 Rc4 27. g3 Qf6 28. a3 Bc8 29. h4 Bh3 30. Qg5 Bxd4 31. Bxd4 Qxg5 32. Rxc4 Qf5 0-1

[Event "COL-chT Blitz"]
[Site "Santander"]
[Date "2022.09.10"]
[Round "5.3"]
[White "Carvajal Barreto, Misael Camilo"]
[Black "Torres Cueto, Jesus Marcial"]
[Result "0-1"]
[WhiteElo "1742"]
[BlackElo "2051"]
[PlyCount "58"]
[EventDate "2022.09.10"]
[EventType "team-swiss (blitz)"]
[EventRounds "9"]
[EventCountry "COL"]
[SourceTitle "EXT 2023"]
[Source "ChessBase"]
[SourceDate "2022.10.05"]
[SourceVersion "1"]
[SourceVersionDate "2022.10.05"]
[SourceQuality "1"]
[WhiteTeam "Santander"]
[BlackTeam "Bolivar"]
[WhiteTeamCountry "COL"]
[BlackTeamCountry "COL"]

1. d4 d5 2. c4 dxc4 3. Bf4 Nf6 4. e3 e6 5. Bxc4 Be7 6. Nf3 0-0 7. 0-0 a6 8. Nc3 b5 9. Bb3 Bb7 10. Ne5 c5 11. Ne2 Nc6 12. Rc1 c4 13. Bc2 Nb4 14. a3 Nxc2 15. Qxc2 Rc8 16. f3 Nh5 17. Bg3 Nxg3 18. Nxg3 Bd6 19. f4 g6 20. Rcd1 Kg7 21. e4 Qc7 22. Qf2 f6 23. Ng4 h5 24. Ne3 h4 25. Nh1 Bxe4 26. Qxh4 Rh8 27. Qg3 Bd3 28. Rf2 g5 29. Qg4 Bxf4 0-1

[Event "COL-chT Blitz"]
[Site "Santander"]
[Date "2022.09.10"]
[Round "7.4"]
[White "Torres Cueto, Jesus Marcial"]
[Black "Rosales Garcia, Jose"]
[Result "1-0"]
[WhiteElo "2051"]
[BlackElo "1477"]
[PlyCount "99"]
[EventDate "2022.09.10"]
[EventType "team-swiss (blitz)"]
[EventRounds "9"]
[EventCountry "COL"]
[SourceTitle "EXT 2023"]
[Source "ChessBase"]
[SourceDate "2022.10.05"]
[SourceVersion "1"]
[SourceVersionDate "2022.10.05"]
[SourceQuality "1"]
[WhiteTeam "Bolivar"]
[BlackTeam "Magdalena"]
[WhiteTeamCountry "COL"]
[BlackTeamCountry "COL"]

1. d4 c6 2. c4 d5 3. Nc3 a6 4. e3 Nf6 5. Nf3 Bg4 6. Be2 e6 7. 0-0 b5 8. cxd5 cxd5 9. a3 Bd6 10. Bd2 0-0 11. Rc1 Nbd7 12. h3 Bh5 13. Ne1 Bg6 14. Bd3 Bxd3 15. Nxd3 Rc8 16. Qe2 Qb6 17. b4 Rc7 18. Nc5 Rfc8 19. f3 g6 20. Rcd1 Bxc5 21. dxc5 Qc6 22. Be1 Rb7 23. f4 Kg7 24. Bh4 Qc7 25. g4 e5 26. Nxd5 Nxd5 27. Rxd5 exf4 28. exf4 Nf8 29. Rd6 Ra7 30. f5 Kg8 31. Bg3 Qe7 32. Qd3 Qg5 33. Kg2 Re8 34. Bf4 Qh4 35. Bg3 Qg5 36. Rf3 Qc1 37. Rd8 Rae7 38. Rxe8 Rxe8 39. fxg6 hxg6 40. Bf2 Qb2 41. Qd5 Re7 42. Qd4 Qa2 43. Qf6 Rd7 44. c6 Rc7 45. h4 Ne6 46. h5 gxh5 47. gxh5 Qc4 48. Rg3+ Kf8 49. Bc5+ Nxc5 50. Qd8# 1-0

[Event "COL-chT"]
[Site "Bucaramanga"]
[Date "2022.09.08"]
[Round "5.2"]
[White "Peinado, Edwin Halley"]
[Black "Torres Cueto, Jesus Marcial"]
[Result "1-0"]
[WhiteElo "2168"]
[BlackElo "2072"]
[PlyCount "83"]
[EventDate "2022.09.06"]
[EventType "team-swiss"]
[EventRounds "7"]
[EventCountry "COL"]
[SourceTitle "CBM 210 Extra"]
[Source "ChessBase"]
[SourceDate "2022.11.30"]
[SourceVersion "1"]
[SourceVersionDate "2022.11.30"]
[SourceQuality "1"]
[WhiteTeam "Santander"]
[BlackTeam "Bolivar"]
[WhiteTeamCountry "COL"]
[BlackTeamCountry "COL"]

1. e4 e6 2. d3 c5 3. g3 Nc6 4. Bg2 g6 5. Nc3 Bg7 6. Nge2 Nge7 7. Be3 Nd4 8. Qd2 d6 9. 0-0 0-0 10. Nd1 Rb8 11. c3 Nxe2+ 12. Qxe2 b5 13. h4 b4 14. h5 bxc3 15. bxc3 Ba6 16. h6 Bh8 17. f4 f5 18. Bf2 Qd7 19. Re1 Rfe8 20. Qd2 e5 21. d4 cxd4 22. cxd4 exf4 23. Qxf4 Bb7 24. Nc3 Rbc8 25. Rac1 fxe4 26. Nxe4 Rxc1 27. Rxc1 Nf5 28. Rd1 Rf8 29. Qc1 Re8 30. d5 Rc8 31. Qd2 Qa4 32. g4 Rc2 33. Qg5 Rc8 34. Re1 Nxh6 35. Qxh6 Be5 36. g5 Rf8 37. Nf6+ Bxf6 38. gxf6 Rxf6 39. Re7 Qd1+ 40. Be1 Qd4+ 41. Kh1 Rf5 42. Re8+ 1-0

[Event "Titled Tuesday intern op 06th Sep Early"]
[Site "Chess.com INT"]
[Date "2022.09.06"]
[Round "3"]
[White "Antonio, Jorge Carlos"]
[Black "Torres Cueto, Jesus Marcial"]
[Result "1-0"]
[WhiteElo "2277"]
[BlackElo "2072"]
[PlyCount "79"]
[EventDate "2022.09.06"]
[EventType "swiss (blitz)"]
[EventRounds "11"]
[EventCountry "USA"]
[SourceTitle "EXT 2023"]
[Source "ChessBase"]
[SourceDate "2022.10.05"]
[SourceVersion "1"]
[SourceVersionDate "2022.10.05"]
[SourceQuality "1"]

1. e4 e6 2. f4 d5 3. e5 c5 4. Nf3 Nc6 5. Bb5 Nge7 6. c3 c4 7. d4 cxd3 8. Qxd3 Bd7 9. Qe2 Nf5 10. g4 Nh4 11. Nbd2 Be7 12. Bd3 g6 13. 0-0 h5 14. Nxh4 Bxh4 15. g5 Bxg5 16. fxg5 Qxg5+ 17. Qg2 Qxg2+ 18. Kxg2 Nxe5 19. Be2 0-0 20. Nf3 Nc6 21. Bh6 Rfe8 22. Bg5 e5 23. Rad1 e4 24. Nd4 f5 25. Nb5 Be6 26. Nc7 Ne5 27. Nxa8 Rxa8 28. Bf4 Nf7 29. b3 Kh7 30. h4 Kg7 31. c4 dxc4 32. Bxc4 Bxc4 33. bxc4 Kf6 34. Rd7 Rc8 35. Rxb7 Rxc4 36. Rxa7 Nd8 37. Bg5+ Ke5 38. Bxd8 e3 39. Re7+ Kd4 40. Bb6+ 1-0

[Event "COL-chT"]
[Site "Bucaramanga"]
[Date "2022.09.06"]
[Round "1.2"]
[White "De la Hoz, Rafael"]
[Black "Torres Cueto, Jesus Marcial"]
[Result "0-1"]
[WhiteElo "1606"]
[BlackElo "2072"]
[PlyCount "92"]
[EventDate "2022.09.06"]
[EventType "team-swiss"]
[EventRounds "7"]
[EventCountry "COL"]
[SourceTitle "CBM 210 Extra"]
[Source "ChessBase"]
[SourceDate "2022.11.30"]
[SourceVersion "1"]
[SourceVersionDate "2022.11.30"]
[SourceQuality "1"]
[WhiteTeam "Magdalena"]
[BlackTeam "Bolivar"]
[WhiteTeamCountry "COL"]
[BlackTeamCountry "COL"]

1. c4 c5 2. Nc3 Nc6 3. g3 g6 4. Bg2 Bg7 5. Nf3 e6 6. a3 Nge7 7. d3 0-0 8. 0-0 d5 9. Qc2 b6 10. Rb1 Bb7 11. e4 Rc8 12. b3 Nd4 13. Qd2 dxe4 14. Nxd4 Qxd4 15. Nb5 Qd7 16. dxe4 Qxd2 17. Bxd2 Rfd8 18. Bg5 f6 19. Bf4 g5 20. Be3 a6 21. Nc3 Bc6 22. Rfd1 Rxd1+ 23. Rxd1 Kf7 24. e5 Rc7 25. Bxc6 Nxc6 26. exf6 Bxf6 27. Ne4 h6 28. f4 g4 29. Nxf6 Kxf6 30. Rd6 Ke7 31. Rd3 Rd7 32. Rxd7+ Kxd7 33. b4 cxb4 34. axb4 Nxb4 35. Bxb6 Kc6 36. Ba5 Kc5 37. h3 h5 38. hxg4 hxg4 39. Kf2 Kxc4 40. Ke3 Nc6 41. Bd2 Kd5 42. Kd3 a5 43. Be1 a4 44. Kc3 Ke4 45. Kc4 Nd4 46. Bf2 Nf5 0-1

[Event "COL-ch"]
[Site "Boyaca"]
[Date "2022.08.21"]
[Round "9"]
[White "Torres Cueto, Jesus Marcial"]
[Black "Zuluaga Mancilla, Cesar"]
[Result "0-1"]
[WhiteElo "2036"]
[BlackElo "2229"]
[PlyCount "144"]
[EventDate "2022.08.17"]
[EventType "swiss"]
[EventRounds "9"]
[EventCountry "COL"]
[SourceTitle "CBM 210 Extra"]
[Source "ChessBase"]
[SourceDate "2022.11.30"]
[SourceVersion "1"]
[SourceVersionDate "2022.11.30"]
[SourceQuality "1"]

1. d4 d5 2. c4 c6 3. Nc3 Nf6 4. Nf3 a6 5. c5 Bf5 6. Qb3 Ra7 7. h3 Nbd7 8. Bf4 e6 9. e3 Be7 10. Be2 0-0 11. 0-0 Re8 12. Qd1 Ne4 13. Nxe4 Bxe4 14. Ne1 e5 15. Bg3 exd4 16. exd4 Bf6 17. f3 Bg6 18. Bf2 Nf8 19. Bd3 Ne6 20. Bxg6 hxg6 21. Nc2 Qc7 22. g3 g5 23. Kg2 g6 24. Qd3 Raa8 25. b4 Kg7 26. a4 Qd7 27. Rab1 Rh8 28. Rh1 Rh7 29. Rh2 Rah8 30. Rbh1 Bd8 31. Qd2 Bc7 32. Ne1 Qd8 33. Nc2 Kg8 34. b5 axb5 35. axb5 Qd7 36. bxc6 bxc6 37. Qd1 Bd8 38. Nb4 Ba5 39. Nd3 Bc7 40. Qa4 Nd8 41. Nb4 f6 42. Qc2 Kf7 43. Qa4 Re8 44. Re1 Rxe1 45. Bxe1 f5 46. Qd1 Ne6 47. Bf2 Kf6 48. Rh1 Ba5 49. Nd3 Qb7 50. Qc2 Rh8 51. Rb1 Qh7 52. Rh1 Bc7 53. Qa4 Nd8 54. Qa6 Qd7 55. Nb4 Rh7 56. Re1 Bxg3 57. Bxg3 f4 58. h4 fxg3 59. Re5 Kf7 60. Rxg5 Rxh4 61. Rxg3 Rxd4 62. Nd3 Qe6 63. Kf2 Ke8 64. Rg5 Nf7 65. Rg1 Kf8 66. Re1 Qf6 67. Re3 Qh4+ 68. Kg2 Qg5+ 69. Kf2 Rh4 70. Qa8+ Kg7 71. Qa1+ d4 72. Re2 Rh2+ 0-1